Book of Mormon Characters - Statistics

General Stats
  • This quiz has been taken 409 times
  • The average score is 11 of 15
Answer Stats
Hint Answer % Correct
Fearless captain of the Nephite Army/ Title of liberty bearer Captain Moroni
98%
I...Having been born of goodly parents Nephi
95%
Abridged the Book Mormon
91%
Bad boy turned missionary after an angelic visitation Alma
88%
Whiny older brothers Laman and Lemuel
84%
Started ancient general conference when he gave his people a message from a tall tower King Benjamin
83%
Nephites shot arrows at him on a wall Samuel the Lamanite
82%
Wicked King who kills Abinadi King Noah
80%
Saw God's finger when he touched the stones Brother of Jared
76%
Known for cutting off robber's arms Ammon
74%
Wicked robber who's plans eventually destroy Nephite nation Gadianton
69%
Laban's slave who goes to the New Land with Lehi and his family Zoram
68%
Last prophet in Jaredite history Ether
59%
Loved to sneak into enemy camps and assassinate their leaders Teancum
50%
Antichrist Korihor
30%
No matching quizzes found
Score Distribution
Percent of People with Each Score
Percentile by Number Answered
Your Score History
You have not taken this quiz